Manchester City 2020s Champions League Scorers - Statistics

General Stats
  • This quiz has been taken 71 times
  • The average score is 19 of 31
Answer Stats
Goals Nationality Player % Correct
26 Norwegian Erling Haaland
100%
8 German Ilkay Gundogan
98%
11 Belgian Kevin de Bruyne
98%
9 Portuguese Bernardo Silva
97%
15 Algerian Riyad Mahrez
97%
17 English Phil Foden
95%
12 Brazilian Gabriel Jesus
92%
8 Argentine Julian Alvarez
92%
1 Portuguese Ruben Dias
92%
2 English John Stones
88%
1 Croatian Josko Gvardiol
88%
3 Spanish Rodri
88%
10 English Raheem Sterling
84%
1 English Kyle Walker
80%
4 Argentine Sergio Aguero
80%
2 English Jack Grealish
78%
3 Portuguese Joao Cancelo
75%
1 Brazilian Savinho
66%
4 Spanish Ferran Torres
50%
1 English Cole Palmer
47%
1 Belgian Jeremy Doku
33%
3 Swiss Manuel Akanji
30%
1 Croatian Mateo Kovacic
28%
1 Norwegian Oscar Bobb
28%
1 English Kalvin Phillips
25%
1 Dutch Nathan Ake
23%
1 English Rico Lewis
20%
1 Portuguese Matheus Nunes
17%
1 Spanish Nico Gonzalez
16%
1 English James McAtee
11%
1 English Micah Hamilton
8%
No matching quizzes found
Score Distribution
Percent of People with Each Score
Percentile by Number Answered
Your Score History
You have not taken this quiz